000 00696cam a2200229 a 4500
001 000008836
005 20200929161424.0
008 930715s1982 pe a b 000 0 spa
040 _aDO-SdBNP
_bspa
_cLC
_dBNPHU
082 _a808
_bB826a
100 1 _aBravo, José Antonio,
_d1937-
_923392
245 1 0 _aAportes para el estudio de la narrativa /
_cJosé Antonio Bravo.
260 _aLima :
_bParamonga,
_c[1982?].
300 _a77 p. :
_bil. ;
_c21 cm.
490 1 _aPerulibros
504 _aBibliografías p. 72-77.
650 4 _aNarración (retórica)
_923393
650 4 _aLiteratura peruana
_93140
830 0 _aPerulibros
_923394
910 _aCatalogación por copia / LC
049 _aBNGR
999 _c8605
_d8605